00390nam a2200145Ia 4500003000400000005001700004008004100021040000900062082001500071100002300086245006100109260004200170300000900212650002300221OSt20200707113144.0190216s9999||||xx |||||||||||||| ||und|| coclc a973bJOH/A aJohnson, Gerald W  0aAmerica Grows Up A History For Peter /cGerald W Johnson bSterling Publications,c1960.aDelhi: a223p aHistory Of America